| 000 | 00775nam a2200229 a 4500 | ||
|---|---|---|---|
| 001 | 000024619 | ||
| 005 | 20200930023254.0 | ||
| 008 | 110127s1986 sp r 000 | spa d | ||
| 020 | _a8420727504 | ||
| 040 |
_aDO-SdBNP _bspa _cBNPHU |
||
| 082 |
_a861.6 _bA634p |
||
| 245 | 0 | 0 |
_aAntología de poesía barroca / _cedición, introducción, notas, comentarios y apéndice Vicente Tusón. |
| 260 |
_aMadrid, (España) : _bAnaya, _c1986. |
||
| 300 |
_a239 p. : _bil. ; _c19 cm. |
||
| 490 | 1 |
_aBiblioteca Didáctica Anaya _v16 |
|
| 504 | _aIncluye referencias bibliográficas : 238-239 | ||
| 650 | 4 |
_aPoesía española _9631 |
|
| 650 | 4 |
_aLiteratura española _9632 |
|
| 700 | 1 |
_aTusón, Vicente _eed. _950482 |
|
| 830 | 0 |
_aBiblioteca Didáctica Anaya, _v16 _98965 |
|
| 049 | _aBNGR | ||
| 999 |
_c24112 _d24112 |
||